[Event "Aurora Fall op"]
[Site "Aurora"]
[Date "2017.10.14"]
[Round "3"]
[White "Colvin, Andrew"]
[Black "Maulucci, Anthony"]
[Result "1/2-1/2"]
[WhiteElo "1764"]
[BlackElo "1847"]
[PlyCount "22"]
[EventDate "2017.10.14"]
[EventType "swiss"]
[EventRounds "5"]
[EventCountry "CAN"]
[SourceTitle "CBM 181 Extra"]
[Source "ChessBase"]
[SourceDate "2017.12.12"]
[SourceVersion "1"]
[SourceVersionDate "2017.12.12"]
[SourceQuality "1"]

1. d4 d5 2. c4 e6 3. Nc3 Nf6 4. Nf3 c6 5. e3 Nbd7 6. Bd3 dxc4 7. Bxc4 b5 8. Bd3 a6 9. 0-0 Bd6 10. e4 e5 11. Bg5 0-0 1/2-1/2

[Event "CAN-ch U20"]
[Site "Mississauga"]
[Date "2017.08.12"]
[Round "7"]
[White "Maulucci, Anthony"]
[Black "Zheng, Kevin"]
[Result "1-0"]
[WhiteElo "1863"]
[BlackElo "1580"]
[PlyCount "117"]
[EventDate "2017.08.09"]
[EventType "swiss"]
[EventRounds "9"]
[EventCountry "CAN"]
[SourceTitle "CBM 180 Extra"]
[Source "ChessBase"]
[SourceDate "2017.10.06"]
[SourceVersion "1"]
[SourceVersionDate "2017.10.06"]
[SourceQuality "1"]

1. d4 Nf6 2. c4 g6 3. Nc3 d5 4. cxd5 Nxd5 5. e4 Nxc3 6. bxc3 Bg7 7. Bc4 c5 8. Ne2 0-0 9. 0-0 Nc6 10. Be3 Qc7 11. Rc1 Rd8 12. Bf4 Be5 13. Bxe5 Nxe5 14. Bb3 Ng4 15. Ng3 Qf4 16. d5 b5 17. Qe1 c4 18. Bc2 e6 19. h3 Nf6 20. Ne2 Qc7 21. dxe6 Bxe6 22. f4 Qb6+ 23. Kh1 a5 24. f5 Bd7 25. e5 Nd5 26. e6 Be8 27. Nf4 Nxf4 28. Rxf4 Rd3 29. Bxd3 cxd3 30. fxg6 hxg6 31. e7 Ra7 32. Rd4 Qe6 33. Qxe6 fxe6 34. Rxd3 Rxe7 35. Re1 Kf7 36. Rf3+ Kg7 37. Rfe3 Kf7 38. Re5 Bc6 39. a3 a4 40. Kh2 Bd5 41. Rb1 Rc7 42. Re3 Bb3 43. Rf1+ Kg7 44. Kg3 Rd7 45. Rfe1 Rd2 46. R1e2 Rd6 47. Kf4 Bc4 48. Rf2 Rd1 49. Kg5 Ra1 50. Ref3 e5 51. Re3 Rxa3 52. Rxe5 Rxc3 53. Re7+ Kg8 54. Kh6 Bf7 55. Rfxf7 g5 56. Rg7+ Kf8 57. Ra7 Rc6+ 58. Kh7 b4 59. Rg8# 1-0

[Event "CAN-ch U20"]
[Site "Mississauga"]
[Date "2017.08.11"]
[Round "5"]
[White "Maulucci, Anthony"]
[Black "Uthayakumar, Ronan"]
[Result "1-0"]
[WhiteElo "1863"]
[BlackElo "1656"]
[PlyCount "57"]
[EventDate "2017.08.09"]
[EventType "swiss"]
[EventRounds "9"]
[EventCountry "CAN"]
[SourceTitle "CBM 180 Extra"]
[Source "ChessBase"]
[SourceDate "2017.10.06"]
[SourceVersion "1"]
[SourceVersionDate "2017.10.06"]
[SourceQuality "1"]

1. d4 d5 2. c4 e6 3. Nc3 c6 4. e3 Nf6 5. Nf3 Nbd7 6. Qc2 Bd6 7. g4 Nxg4 8. Rg1 Nxh2 9. Nxh2 Bxh2 10. Rxg7 Qh4 11. Bd2 Bd6 12. 0-0-0 f5 13. cxd5 cxd5 14. Nb5 Kf8 15. Rg2 Qe7 16. e4 dxe4 17. Bh6+ Ke8 18. Rg7 Bf4+ 19. Kb1 Qf6 20. Bxf4 Qxg7 21. Nc7+ Ke7 22. Nxa8 Nf6 23. Qc7+ Bd7 24. Bd6+ Kf7 25. Bb5 Rxa8 26. Bxd7 Nxd7 27. Qxd7+ Kg8 28. Qxe6+ Qf7 29. Rg1+ 1-0

[Event "CAN-ch U20"]
[Site "Mississauga"]
[Date "2017.08.10"]
[Round "3"]
[White "Maulucci, Anthony"]
[Black "Ning, Eric"]
[Result "1/2-1/2"]
[WhiteElo "1863"]
[BlackElo "1657"]
[PlyCount "114"]
[EventDate "2017.08.09"]
[EventType "swiss"]
[EventRounds "9"]
[EventCountry "CAN"]
[SourceTitle "CBM 180 Extra"]
[Source "ChessBase"]
[SourceDate "2017.10.06"]
[SourceVersion "1"]
[SourceVersionDate "2017.10.06"]
[SourceQuality "1"]

1. d4 Nf6 2. c4 g6 3. Nc3 d5 4. cxd5 Nxd5 5. e4 Nxc3 6. bxc3 Bg7 7. Bc4 c5 8. Ne2 Nc6 9. Be3 0-0 10. 0-0 Qc7 11. Rc1 Rd8 12. Bf4 Qd7 13. d5 Na5 14. Bd3 c4 15. Bc2 b5 16. Rb1 a6 17. Qc1 e5 18. Bh6 Nb7 19. Bxg7 Kxg7 20. Qe3 Nd6 21. Kh1 Qe7 22. f4 f6 23. fxe5 fxe5 24. Rf3 Bg4 25. Rf2 Rf8 26. Rbf1 Rxf2 27. Rxf2 Rf8 28. Ng1 Rb8 29. h3 Bc8 30. Qc5 a5 31. Nf3 b4 32. Nxe5 b3 33. axb3 cxb3 34. Bxb3 Rb5 35. Qd4 Kg8 36. Ba4 Rb1+ 37. Kh2 Re1 38. Bc2 Nb5 39. Nc6 Qc7+ 40. Qe5 Qxe5+ 41. Nxe5 Nxc3 42. d6 a4 43. d7 Bxd7 44. Nxd7 a3 45. Bb3+ Kg7 46. e5 Rb1 47. Nc5 Rb2 48. Rf4 h5 49. Rf7+ Kh6 50. e6 a2 51. Ra7 Re2 52. e7 Rxe7 53. Ra3 Re2 54. Bc4 Rc2 55. Nd3 Nb1 56. Ra4 Rxc4 57. Rxa2 Rd4 1/2-1/2

[Event "CAN-ch U20"]
[Site "Mississauga"]
[Date "2017.08.10"]
[Round "2"]
[White "Vettese, Nicholas"]
[Black "Maulucci, Anthony"]
[Result "1-0"]
[WhiteElo "2102"]
[BlackElo "1863"]
[PlyCount "111"]
[EventDate "2017.08.09"]
[EventType "swiss"]
[EventRounds "9"]
[EventCountry "CAN"]
[SourceTitle "CBM 180 Extra"]
[Source "ChessBase"]
[SourceDate "2017.10.06"]
[SourceVersion "1"]
[SourceVersionDate "2017.10.06"]
[SourceQuality "1"]

1. e4 e6 2. d4 d5 3. Nc3 Nf6 4. Bg5 dxe4 5. Nxe4 Be7 6. Bxf6 Bxf6 7. Nf3 0-0 8. Qd2 Nd7 9. 0-0-0 b6 10. Nxf6+ Nxf6 11. Ne5 Bb7 12. f4 Qe7 13. Qe3 Rac8 14. Nd3 Nd5 15. Qf2 c5 16. dxc5 bxc5 17. Ne5 Nb6 18. c4 f6 19. Ng4 Rfd8 20. Be2 e5 21. fxe5 fxe5 22. Rxd8+ Rxd8 23. Rf1 h6 24. Qf5 Bc8 25. Qg6 Bxg4 26. Qxg4 Rd4 27. Qg3 e4 28. b3 Nd7 29. Rf5 Qe6 30. Bg4 Qa6 31. Rf2 Qd6 32. Qxd6 Rxd6 33. Rd2 Rxd2 34. Kxd2 Nf6 35. Bf5 Kf7 36. Ke3 g6 37. Bxe4 Ng4+ 38. Kf4 Nxh2 39. Bd3 h5 40. Be2 Kf6 41. Kg3 Ng4 42. Bxg4 hxg4 43. Kxg4 g5 44. Kh3 Kf5 45. g3 a6 46. a3 a5 47. a4 g4+ 48. Kh4 Ke4 49. Kxg4 Kd4 50. Kf3 Kc3 51. Ke3 Kxb3 52. Kd3 Kxa4 53. Kc3 Ka3 54. g4 Ka2 55. g5 a4 56. g6 1-0

[Event "Aurora Spring op"]
[Site "Aurora"]
[Date "2017.04.02"]
[Round "5.4"]
[White "Maulucci, Anthony"]
[Black "Kang, Dorian"]
[Result "1/2-1/2"]
[WhiteElo "1813"]
[BlackElo "1623"]
[PlyCount "138"]
[EventDate "2017.04.01"]
[EventType "swiss"]
[EventRounds "5"]
[EventCountry "CAN"]
[SourceTitle "EXT 2022"]
[Source "ChessBase"]
[SourceDate "2021.10.06"]
[SourceVersion "1"]
[SourceVersionDate "2021.10.06"]
[SourceQuality "1"]

1. d4 Nf6 2. c4 g6 3. Nc3 d5 4. cxd5 Nxd5 5. e4 Nxc3 6. bxc3 Bg7 7. Bc4 0-0 8. Ne2 Qd7 9. Be3 Nc6 10. 0-0 Na5 11. Bd3 b6 12. Qd2 Rd8 13. Bh6 Bh8 14. f4 e6 15. f5 exf5 16. exf5 Bb7 17. fxg6 hxg6 18. Bg5 Qg4 19. Ng3 Bxd4+ 20. cxd4 Qxd4+ 21. Kh1 Qxd3 22. Qf2 Rd7 23. Rae1 Qd5 24. Ne4 Qxe4 25. Rxe4 Bxe4 26. Bf6 g5 27. Bxg5 f5 28. Bf6 Kf7 29. Qh4 Rf8 30. Bc3 Ke8 31. Qh5+ Kd8 32. Rd1 Rxd1+ 33. Qxd1+ Kc8 34. Kg1 Nc6 35. g3 Rd8 36. Qe1 Kb7 37. h4 Nd4 38. Bxd4 Rxd4 39. h5 c5 40. h6 Rd8 41. Qa1 Rd7 42. Qh8 c4 43. Kf1 Rc7 44. h7 c3 45. Qxc3 Rxc3 46. h8Q Rc1+ 47. Ke2 Rc2+ 48. Ke3 Rxa2 49. g4 Rc2 50. g5 Rg2 51. Qg7+ Ka6 52. g6 Bd5 53. Qf6 Kb5 54. Qxf5 Kc5 55. Qf8+ Kc6 56. g7 a5 57. Kd4 Rg4+ 58. Kd3 Rg2 59. Qf6+ Kc5 60. Qe7+ Kc6 61. Kc3 Rg3+ 62. Kc2 Rg2+ 63. Kc3 b5 64. Qe8+ Kc5 65. Qc8+ Kd6 66. Qb8+ Kc6 67. Qc8+ Kd6 68. Qd8+ Kc6 69. Qc8+ Kd6 1/2-1/2

[Event "Aurora Spring op"]
[Site "Aurora"]
[Date "2017.04.01"]
[Round "2.4"]
[White "Calvelo, Jelvis"]
[Black "Maulucci, Anthony"]
[Result "1/2-1/2"]
[WhiteElo "2020"]
[BlackElo "1813"]
[PlyCount "132"]
[EventDate "2017.04.01"]
[EventType "swiss"]
[EventRounds "5"]
[EventCountry "CAN"]
[SourceTitle "EXT 2022"]
[Source "ChessBase"]
[SourceDate "2021.10.06"]
[SourceVersion "1"]
[SourceVersionDate "2021.10.06"]
[SourceQuality "1"]

1. c4 Nf6 2. d4 e6 3. Nf3 d5 4. Qc2 dxc4 5. Qxc4 a6 6. a4 b5 7. Qc2 b4 8. e4 Bb7 9. Bd3 Nbd7 10. e5 Nd5 11. Nbd2 c5 12. Nc4 cxd4 13. Bg5 Qc7 14. 0-0 h6 15. Bd2 Nc5 16. Rac1 Nxd3 17. Qxd3 Qd7 18. a5 Be7 19. Qxd4 Rc8 20. Rfd1 Bc5 21. Qg4 g6 22. Be3 Nxe3 23. fxe3 Bd5 24. Kf2 Qb7 25. Qf4 Be7 26. Nb6 Rxc1 27. Rxc1 g5 28. Qd4 0-0 29. Nxd5 exd5 30. Qd3 Rc8 31. Rxc8+ Qxc8 32. Nd4 Qc4 33. Qf5 Bc5 34. b3 Qc3 35. Nc2 Qxb3 36. e6 fxe6 37. Qxe6+ Kg7 38. Qd7+ Kg8 39. Qc8+ Bf8 40. Nd4 Qc3 41. Qe6+ Kh8 42. Qxd5 Qd2+ 43. Kf3 g4+ 44. Kxg4 Qxe3 45. Nb3 Qe2+ 46. Kf5 Qh5+ 47. Ke4 Qe2+ 48. Kf4 Qf2+ 49. Kg4 Qe2+ 50. Kh3 Qe3+ 51. g3 Qc3 52. Qe6 Bg7 53. Kg4 Qd3 54. Qc8+ Kh7 55. Qf5+ Qxf5+ 56. Kxf5 Bc3 57. g4 Be1 58. g5 hxg5 59. Kxg5 Bf2 60. Kf4 Be1 61. Ke4 Kh6 62. Kd5 Kh5 63. Kc6 Kg4 64. Kb6 Bh4 65. Kxa6 Bd8 66. Nd2 Kh3 1/2-1/2

[Event "Windsor NAYCC U16"]
[Site "Windsor"]
[Date "2016.08.11"]
[Round "8.36"]
[White "Nguyen, Tan"]
[Black "Maulucci, Anthony"]
[Result "0-1"]
[WhiteElo "1972"]
[BlackElo "1786"]
[PlyCount "84"]
[EventDate "2016.08.07"]
[EventType "swiss"]
[EventRounds "9"]
[EventCountry "CAN"]
[SourceTitle "EXT 2022"]
[Source "ChessBase"]
[SourceDate "2021.10.06"]
[SourceVersion "1"]
[SourceVersionDate "2021.10.06"]
[SourceQuality "1"]

1. d4 d5 2. c4 e6 3. Nf3 Nf6 4. g3 dxc4 5. Qa4+ Nbd7 6. Bg2 a6 7. Qxc4 b5 8. Qc2 Bb7 9. Bd2 c5 10. 0-0 Rc8 11. Qd1 cxd4 12. Nxd4 Bxg2 13. Kxg2 Bc5 14. Nb3 Bb6 15. a4 0-0 16. axb5 axb5 17. Na3 Qc7 18. Kg1 Ne4 19. Nxb5 Bxf2+ 20. Rxf2 Qb6 21. N5d4 Nxf2 22. Kxf2 e5 23. Ba5 Qf6+ 24. Nf3 e4 25. Bc3 Rxc3 26. bxc3 Rd8 27. Qd4 exf3 28. Qxf6 Nxf6 29. exf3 Kf8 30. c4 Rb8 31. Nd4 Rc8 32. Rc1 g6 33. Ke2 Ke7 34. Kd3 Kd6 35. Ra1 Nd7 36. Ra6+ Ke7 37. Nb5 Nc5+ 38. Kd4 Nxa6 39. Na7 Rd8+ 40. Kc3 Kd6 41. Nb5+ Kc5 42. Na7 Nc7 0-1

[Event "Windsor NAYCC U16"]
[Site "Windsor"]
[Date "2016.08.10"]
[Round "7.37"]
[White "Maulucci, Anthony"]
[Black "Pan, Christopher"]
[Result "1/2-1/2"]
[WhiteElo "1786"]
[BlackElo "1975"]
[PlyCount "66"]
[EventDate "2016.08.07"]
[EventType "swiss"]
[EventRounds "9"]
[EventCountry "CAN"]
[SourceTitle "EXT 2022"]
[Source "ChessBase"]
[SourceDate "2021.10.06"]
[SourceVersion "1"]
[SourceVersionDate "2021.10.06"]
[SourceQuality "1"]

1. d4 Nf6 2. c4 g6 3. Nc3 d5 4. cxd5 Nxd5 5. e4 Nxc3 6. bxc3 Bg7 7. Bc4 c5 8. Ne2 Nc6 9. Be3 0-0 10. 0-0 Qc7 11. Rc1 Rd8 12. Bf4 Qd7 13. d5 Na5 14. Bd3 b6 15. c4 Bb7 16. Bd2 Rab8 17. Rb1 Ba6 18. Bxa5 bxa5 19. Qc2 Rb4 20. a3 Rb6 21. Rxb6 axb6 22. Rb1 Rb8 23. Nc3 Be5 24. Na4 Bc7 25. g3 h5 26. f4 h4 27. e5 Kg7 28. e6 fxe6 29. Bxg6 exd5 30. Bh5 dxc4 31. Qg6+ Kh8 32. Qh6+ Kg8 33. Qg6+ Kh8 1/2-1/2

[Event "Windsor NAYCC U16"]
[Site "Windsor"]
[Date "2016.08.10"]
[Round "6.36"]
[White "Miyasaka, Matthew Shoji"]
[Black "Maulucci, Anthony"]
[Result "1/2-1/2"]
[WhiteElo "1971"]
[BlackElo "1786"]
[PlyCount "50"]
[EventDate "2016.08.07"]
[EventType "swiss"]
[EventRounds "9"]
[EventCountry "CAN"]
[SourceTitle "EXT 2022"]
[Source "ChessBase"]
[SourceDate "2021.10.06"]
[SourceVersion "1"]
[SourceVersionDate "2021.10.06"]
[SourceQuality "1"]

1. e4 c6 2. d4 d5 3. Nd2 g6 4. c3 Bg7 5. Bd3 Nh6 6. h3 f6 7. f4 0-0 8. Ngf3 Nf7 9. e5 fxe5 10. dxe5 c5 11. Nf1 Nc6 12. Ng3 Nh6 13. h4 Nf5 14. Bxf5 Bxf5 15. Nxf5 Rxf5 16. h5 Bxe5 17. hxg6 Bxf4 18. gxh7+ Kh8 19. Bxf4 Rxf4 20. 0-0 Qd6 21. Ng5 Raf8 22. Qg4 Qf6 23. Rxf4 Qxf4 24. Qxf4 Rxf4 25. Ne6 Rf6 1/2-1/2

[Event "Windsor NAYCC U16"]
[Site "Windsor"]
[Date "2016.08.09"]
[Round "5.34"]
[White "Maulucci, Anthony"]
[Black "Rodrigue Lemieux, Shawn"]
[Result "1/2-1/2"]
[WhiteElo "1788"]
[BlackElo "2044"]
[PlyCount "46"]
[EventDate "2016.08.07"]
[EventType "swiss"]
[EventRounds "9"]
[EventCountry "CAN"]
[SourceTitle "EXT 2022"]
[Source "ChessBase"]
[SourceDate "2021.10.06"]
[SourceVersion "1"]
[SourceVersionDate "2021.10.06"]
[SourceQuality "1"]

1. d4 d5 2. c4 e6 3. Nc3 Nf6 4. cxd5 exd5 5. Bg5 Be7 6. e3 0-0 7. Qc2 Nbd7 8. Bd3 Re8 9. Nge2 Nf8 10. 0-0 b6 11. f3 c5 12. dxc5 bxc5 13. Rfe1 Be6 14. Bh4 Ng6 15. Bf2 Bd6 16. Nb5 Bf8 17. Rad1 Qa5 18. Nbc3 Rac8 19. Nc1 Red8 20. Nb3 Qb6 21. Bf1 Qb4 22. Rd2 Qb7 23. Red1 Be7 1/2-1/2

[Event "Windsor NAYCC U16"]
[Site "Windsor"]
[Date "2016.08.08"]
[Round "2.35"]
[White "Wang, Warren"]
[Black "Maulucci, Anthony"]
[Result "0-1"]
[WhiteElo "2025"]
[BlackElo "2786"]
[PlyCount "105"]
[EventDate "2016.08.07"]
[EventType "swiss"]
[EventRounds "9"]
[EventCountry "CAN"]
[SourceTitle "EXT 2022"]
[Source "ChessBase"]
[SourceDate "2021.10.06"]
[SourceVersion "1"]
[SourceVersionDate "2021.10.06"]
[SourceQuality "1"]

1. d4 d5 2. c4 e6 3. Nc3 Nf6 4. cxd5 exd5 5. Bg5 Be7 6. e3 c6 7. Bd3 0-0 8. Qc2 Nbd7 9. Nge2 Re8 10. 0-0 Nf8 11. f3 g6 12. Rad1 Ne6 13. Bh4 Nh5 14. Bf2 f5 15. Rb1 a5 16. a3 Bg5 17. b4 axb4 18. axb4 Neg7 19. Nd1 Bd7 20. Nec3 Nf6 21. Na4 f4 22. exf4 Bxf4 23. Nc5 Qc7 24. g3 Bd6 25. Nxd7 Qxd7 26. Nc3 b5 27. Ne2 Qb7 28. Nc1 Nd7 29. Qc3 Nb6 30. Nb3 Nc4 31. Nc5 Bxc5 32. dxc5 Ra3 33. Qc2 Ne3 34. Bxe3 Rxe3 35. Rb3 Rxb3 36. Qxb3 Qf7 37. Qd1 Qf6 38. Kg2 Qc3 39. Bxb5 cxb5 40. Qxd5+ Ne6 41. Qa8+ Kg7 42. Qb7+ Kh6 43. Qxb5 Nd4 44. Qd7 Re2+ 45. Kh1 Nxf3 46. Qh3+ Kg5 47. Qxh7 Rxh2+ 48. Qxh2 Nxh2 49. Kxh2 Qxb4 50. c6 Qc4 51. c7 Qxc7 52. Kg2 Kg4 53. Rf4+ 0-1

[Event "Aurora Fall op"]
[Site "Aurora "]
[Date "2015.10.03"]
[Round "1.6"]
[White "Maulucci, Anthony"]
[Black "Lei, Sean"]
[Result "1-0"]
[WhiteElo "1982"]
[BlackElo "2232"]
[PlyCount "112"]
[EventDate "2015.10.03"]
[EventType "swiss"]
[EventRounds "5"]
[EventCountry "CAN"]
[SourceTitle "EXT 2019"]
[Source "ChessBase"]
[SourceDate "2018.10.10"]
[SourceVersion "1"]
[SourceVersionDate "2018.10.10"]
[SourceQuality "1"]

1. d4 Nf6 2. c4 c5 3. d5 b5 4. cxb5 a6 5. Nc3 axb5 6. e4 b4 7. Nb5 d6 8. Bf4 Nbd7 9. Bd3 Ba6 10. Qe2 Qb8 11. Nxd6+ exd6 12. Bxa6 g6 13. Nf3 Nh5 14. Bg3 Bg7 15. Bb5 Ra7 16. 0-0 0-0 17. Bxd7 Nxg3 18. hxg3 Rxd7 19. Rac1 Re8 20. Rfe1 Rde7 21. Qc2 Qa7 22. b3 Bc3 23. Re2 Qa3 24. Rd1 Qa6 25. Ng5 Ra7 26. f4 Rea8 27. e5 Qxa2 28. Qxa2 Rxa2 29. Rxa2 Rxa2 30. exd6 Bd4+ 31. Rxd4 cxd4 32. d7 Ra8 33. Ne4 Rd8 34. Nc5 g5 35. Kf2 gxf4 36. gxf4 Kg7 37. Kf3 Kf6 38. d6 d3 39. Ke3 Kf5 40. Kxd3 Kxf4 41. Kd4 h5 42. Kd5 Kg3 43. Kc6 h4 44. Kc7 Rh8 45. d8Q Rxd8 46. Kxd8 Kxg2 47. Ke7 h3 48. d7 h2 49. d8Q h1Q 50. Qd5+ Kh2 51. Qxh1+ Kxh1 52. Kxf7 Kg2 53. Nd3 Kf3 54. Nxb4 Ke4 55. Nc2 Kd3 56. b4 Kc4 1-0

[Event "CAN-ch U14"]
[Site "Windsor"]
[Date "2015.07.08"]
[Round "5.22"]
[White "Doknjas, Joshua"]
[Black "Maulucci, Anthony"]
[Result "1/2-1/2"]
[WhiteElo "2082"]
[BlackElo "2015"]
[PlyCount "103"]
[EventDate "2015.07.06"]
[EventType "swiss"]
[EventRounds "7"]
[EventCountry "CAN"]
[SourceTitle "EXT 2022"]
[Source "ChessBase"]
[SourceDate "2021.10.06"]
[SourceVersion "1"]
[SourceVersionDate "2021.10.06"]
[SourceQuality "1"]

1. e4 c6 2. Nf3 d5 3. Nc3 Bg4 4. h3 Bxf3 5. Qxf3 dxe4 6. Nxe4 e6 7. b3 Nd7 8. Bb2 Ngf6 9. d3 Bb4+ 10. c3 Be7 11. 0-0-0 Qc7 12. g4 0-0-0 13. c4 Nxe4 14. Qxe4 Bf6 15. d4 c5 16. Bg2 cxd4 17. Bxd4 Bxd4 18. Qxd4 Nc5 19. Qe3 a5 20. Rxd8+ Rxd8 21. Rd1 Rxd1+ 22. Kxd1 b6 23. Kc2 Qd7 24. f4 h6 25. Qd2 Qxd2+ 26. Kxd2 g5 27. f5 e5 28. Kc3 f6 29. a3 Kc7 30. b4 axb4+ 31. axb4 Nd7 32. Kb3 Nb8 33. Ka4 Nc6 34. c5 bxc5 35. bxc5 Nd4 36. Be4 Ne2 37. Kb4 Nf4 38. Kc4 Nxh3 39. Bf3 Ng1 40. Bd1 Nh3 41. Bf3 Nf4 42. c6 Kb6 43. Bh1 h5 44. gxh5 Nxh5 45. Kd5 Kc7 46. Ke6 g4 47. Be4 g3 48. Bf3 g2 49. Bxg2 Nf4+ 50. Kxf6 Nxg2 51. Kxe5 Ne3 52. f6 1/2-1/2

[Event "CAN-ch U14"]
[Site "Windsor"]
[Date "2015.07.06"]
[Round "1.27"]
[White "Chowdhury, Cuinn"]
[Black "Maulucci, Anthony"]
[Result "0-1"]
[WhiteElo "1250"]
[BlackElo "2015"]
[PlyCount "70"]
[EventDate "2015.07.06"]
[EventType "swiss"]
[EventRounds "7"]
[EventCountry "CAN"]
[SourceTitle "EXT 2022"]
[Source "ChessBase"]
[SourceDate "2021.10.06"]
[SourceVersion "1"]
[SourceVersionDate "2021.10.06"]
[SourceQuality "1"]

1. Nf3 Nf6 2. d4 e6 3. c4 d5 4. Nc3 c6 5. Bg5 h6 6. Bf4 dxc4 7. e3 b5 8. a4 Bb4 9. Be2 Nd5 10. Qc2 Qa5 11. 0-0 Bxc3 12. axb5 Qb6 13. bxc3 Nxf4 14. exf4 cxb5 15. Rfb1 Bb7 16. Bxc4 g6 17. Be2 Qc6 18. Rb2 0-0 19. Nh4 Nd7 20. Bf3 Qc7 21. Bxb7 Qxb7 22. h3 Qd5 23. Rba2 Qc6 24. Nf3 Rfc8 25. Rc1 Nb6 26. Ne5 Qc7 27. g3 Nd5 28. c4 Nb4 29. Qb3 Nxa2 30. Qxa2 bxc4 31. Rxc4 Qb7 32. f5 Rxc4 33. Qxc4 Rc8 34. Qf1 exf5 35. h4 Qd5 0-1

[Event "CAN-ch U08"]
[Site "Victoria"]
[Date "2009.07.21"]
[Round "1"]
[White "Maulucci, Anthony"]
[Black "Doknjas, Joshua"]
[Result "1-0"]
[WhiteElo "1306"]
[BlackElo "1020"]
[PlyCount "59"]
[EventDate "2009.07.21"]
[EventType "swiss"]
[EventRounds "7"]
[EventCountry "CAN"]
[SourceTitle "EXT 2011"]
[Source "ChessBase"]
[SourceDate "2010.11.26"]
[SourceVersion "1"]
[SourceVersionDate "2010.11.26"]
[SourceQuality "1"]

1. d4 d5 2. c4 e6 3. Nf3 Nf6 4. Nc3 Nc6 5. Bg5 Bb4 6. e3 Bd7 7. cxd5 exd5 8. Bb5 a6 9. Ba4 b5 10. Bb3 Be6 11. 0-0 0-0 12. Ne5 Na7 13. f4 h6 14. Bh4 Re8 15. Rf3 Bd6 16. Rg3 c6 17. e4 b4 18. exd5 cxd5 19. Bxd5 Bxe5 20. fxe5 bxc3 21. Bxa8 cxb2 22. Rb1 g5 23. exf6 Qxa8 24. Bxg5 hxg5 25. Rxg5+ Kf8 26. Qh5 Qxg2+ 27. Kxg2 Bd5+ 28. Kg1 Re1+ 29. Rxe1 b1Q 30. Qh8# 1-0

[Event "CAN-ch U08"]
[Site "Victoria"]
[Date "2009.07.21"]
[Round "2"]
[White "Zhang, Yuanchen"]
[Black "Maulucci, Anthony"]
[Result "1-0"]
[WhiteElo "1282"]
[BlackElo "1306"]
[PlyCount "61"]
[EventDate "2009.07.21"]
[EventType "swiss"]
[EventRounds "7"]
[EventCountry "CAN"]
[SourceTitle "EXT 2011"]
[Source "ChessBase"]
[SourceDate "2010.11.26"]
[SourceVersion "1"]
[SourceVersionDate "2010.11.26"]
[SourceQuality "1"]

1. e4 e6 2. d4 d5 3. exd5 exd5 4. Nf3 Nf6 5. Bd3 c5 6. dxc5 Bxc5 7. 0-0 0-0 8. Bg5 Bg4 9. h3 Bh5 10. Re1 Nc6 11. Nc3 Nd4 12. Be2 Qb6 13. Bxf6 Nxf3+ 14. Bxf3 Bxf2+ 15. Kh1 Bxf3 16. Qxf3 Bxe1 17. Nxd5 Qd6 18. Be7 Qe5 19. Bxf8 Rxf8 20. c3 Bh4 21. Rd1 Re8 22. Nf4 g5 23. Nd3 Qd6 24. Nf2 Bg3 25. Nd3 Rf8 26. Nb4 Qc7 27. Nd5 Qe5 28. Nf6+ Kh8 29. Nd7 Qg7 30. Nxf8 Qxf8 31. Qxg3 1-0